<?xml version="1.0" encoding="UTF-8"?><?xml-stylesheet type="text/xsl" href="static/style.xsl"?><OAI-PMH xmlns="http://www.openarchives.org/OAI/2.0/" xmlns:xsi="http://www.w3.org/2001/XMLSchema-instance" xsi:schemaLocation="http://www.openarchives.org/OAI/2.0/ http://www.openarchives.org/OAI/2.0/OAI-PMH.xsd"><responseDate>2026-04-17T01:55:43Z</responseDate><request verb="GetRecord" identifier="oai:www.recercat.cat:2117/84969" metadataPrefix="marc">https://recercat.cat/oai/request</request><GetRecord><record><header><identifier>oai:recercat.cat:2117/84969</identifier><datestamp>2026-01-21T06:16:59Z</datestamp><setSpec>com_2072_1033</setSpec><setSpec>col_2072_452950</setSpec></header><metadata><record xmlns="http://www.loc.gov/MARC21/slim" xmlns:dcterms="http://purl.org/dc/terms/" xmlns:xsi="http://www.w3.org/2001/XMLSchema-instance" xmlns:doc="http://www.lyncode.com/xoai" xsi:schemaLocation="http://www.loc.gov/MARC21/slim http://www.loc.gov/standards/marcxml/schema/MARC21slim.xsd">
   <leader>00925njm 22002777a 4500</leader>
   <datafield ind2=" " ind1=" " tag="042">
      <subfield code="a">dc</subfield>
   </datafield>
   <datafield ind2=" " ind1=" " tag="720">
      <subfield code="a">Lema Rosas, María Ángel</subfield>
      <subfield code="e">author</subfield>
   </datafield>
   <datafield ind2=" " ind1=" " tag="720">
      <subfield code="a">García Lozano, Mario</subfield>
      <subfield code="e">author</subfield>
   </datafield>
   <datafield ind2=" " ind1=" " tag="720">
      <subfield code="a">Ruiz Boqué, Sílvia</subfield>
      <subfield code="e">author</subfield>
   </datafield>
   <datafield ind2=" " ind1=" " tag="260">
      <subfield code="c">2015</subfield>
   </datafield>
   <datafield ind2=" " ind1=" " tag="520">
      <subfield code="a">©2015 IEEE. Personal use of this material is permitted. Permission&#xd;
from IEEE must be obtained for all other uses, in any current or&#xd;
future media, including reprinting/republishing this material for&#xd;
advertising or promotional purposes, creating new collective works,&#xd;
for resale or redistribution to servers or lists, or reuse of any&#xd;
copyrighted component of this work in other works.</subfield>
   </datafield>
   <datafield ind2=" " ind1=" " tag="520">
      <subfield code="a">Carrier Aggregation is an important feature in&#xd;
Long Term Evolution Advanced (LTE-A). It allows operators&#xd;
to provide larger operational bandwidths without the need of&#xd;
having a contiguous, large piece of spectrum. However, an&#xd;
increased bandwidth also needs a larger channel sounding to&#xd;
obtain channel state information (CSI), required for frequency&#xd;
domain scheduling and link adaptation. This constitutes a serious&#xd;
challenge for the uplink since wideband sounding reference&#xd;
signals cannot be transmitted by cell edge (power limited) users&#xd;
and hopped sounding requires a long time to sweep the entire&#xd;
transmission band, thus leading to outdated and less reliable&#xd;
CSI. Also, average interference and its variation in time can&#xd;
seriously jeopardize the CSI at the eNodeB. In this paper, we&#xd;
present an integration of inter cell interference coordination with&#xd;
CSI reporting by reducing the interference variability through&#xd;
controlled allocations. Results show that the entire CSI accuracy&#xd;
can be improved and so does the overall cell performance.</subfield>
   </datafield>
   <datafield ind2=" " ind1=" " tag="520">
      <subfield code="a">Peer Reviewed</subfield>
   </datafield>
   <datafield ind2=" " ind1=" " tag="520">
      <subfield code="a">Postprint (author's final draft)</subfield>
   </datafield>
   <datafield tag="653" ind2=" " ind1=" ">
      <subfield code="a">Àrees temàtiques de la UPC::Enginyeria de la telecomunicació::Radiocomunicació i exploració electromagnètica::Comunicacions mòbils</subfield>
   </datafield>
   <datafield tag="653" ind2=" " ind1=" ">
      <subfield code="a">Long-Term Evolution (Telecommunications)</subfield>
   </datafield>
   <datafield tag="653" ind2=" " ind1=" ">
      <subfield code="a">Long-term evolution (Telecomunicacions)</subfield>
   </datafield>
   <datafield ind2="0" ind1="0" tag="245">
      <subfield code="a">Interference coordination method for CSI improvement in LTE uplink with carrier aggregation</subfield>
   </datafield>
</record></metadata></record></GetRecord></OAI-PMH>